Influence of the Thermal-force Effect on the Process of Hightemperature Synthesis of the Ni[3]Al Intermetallic Compound; IOP Conference Series: Materials Science and Engineering; Vol. 582 : Innovative Technologies in Engineering

Dettagli Bibliografici
Parent link:IOP Conference Series: Materials Science and Engineering
Vol. 582 : Innovative Technologies in Engineering.— 2019.— [012052, 6 p.]
Ente Autore: Национальный исследовательский Томский политехнический университет Юргинский технологический институт
Altri autori: Ovcharenko V. E. Vladimir Efimovich, Akimov K. O., Boyangin E. N., Yu Baohai
Riassunto:Title screen
In this work, the intermetallic compound Ni[3]Al was obtained by high-temperature synthesis under pressure at various values of the preliminary pressure on the initial powder mixture (3Ni+Al). The study of pressure-time and displacement-time diagrams gave a coherent picture of the synthesis passage over time. It was found that an increase of preliminary pressure leads to a decreasing of the powder compacts porosity. In this regard, the smallest displacement of the press plunger after initiating the synthesis reaction in the powder compact was observed at the highest value of the preliminary pressure on the compact. The role of preliminary pressure on the initial powder mixture in the process of the grain structure formation of the Ni[3]Al intermetallic compound synthesized under pressure was determined.
Lingua:inglese
Pubblicazione: 2019
Soggetti:
Accesso online:http://dx.doi.org/10.1088/1757-899X/582/1/012052
http://earchive.tpu.ru/handle/11683/57685
Natura: MixedMaterials Elettronico Capitolo di libro
KOHA link:https://koha.lib.tpu.ru/cgi-bin/koha/opac-detail.pl?biblionumber=661661

MARC

LEADER 00000naa2a2200000 4500
001 661661
005 20260202143607.0
035 |a (RuTPU)RU\TPU\network\32385 
035 |a RU\TPU\network\32383 
090 |a 661661 
100 |a 20200127d2019 k||y0rusy50 ba 
101 0 |a eng 
102 |a GB 
135 |a vrgn ---uucaa 
181 0 |a i  
182 0 |a b 
200 1 |a Influence of the Thermal-force Effect on the Process of Hightemperature Synthesis of the Ni[3]Al Intermetallic Compound  |f V. E. Ovcharenko [et al.] 
203 |a Text  |c electronic 
300 |a Title screen 
320 |a [References: 10 tit.] 
330 |a In this work, the intermetallic compound Ni[3]Al was obtained by high-temperature synthesis under pressure at various values of the preliminary pressure on the initial powder mixture (3Ni+Al). The study of pressure-time and displacement-time diagrams gave a coherent picture of the synthesis passage over time. It was found that an increase of preliminary pressure leads to a decreasing of the powder compacts porosity. In this regard, the smallest displacement of the press plunger after initiating the synthesis reaction in the powder compact was observed at the highest value of the preliminary pressure on the compact. The role of preliminary pressure on the initial powder mixture in the process of the grain structure formation of the Ni[3]Al intermetallic compound synthesized under pressure was determined. 
461 1 |0 (RuTPU)RU\TPU\network\2008  |t IOP Conference Series: Materials Science and Engineering 
463 1 |0 (RuTPU)RU\TPU\network\32352  |t Vol. 582 : Innovative Technologies in Engineering  |o X International Scientific and Practical Conference, 23–25 May 2019, Yurga, Russian Federation  |o [proceedings]  |v [012052, 6 p.]  |d 2019 
610 1 |a электронный ресурс 
610 1 |a труды учёных ТПУ 
610 1 |a тепловые воздействия 
610 1 |a силовые воздействия 
610 1 |a высокотемпературный синтез 
610 1 |a интерметаллические соединения 
610 1 |a порошковые смеси 
610 1 |a давление 
701 1 |a Ovcharenko  |b V. E.  |c specialist in the field of mechanical engineering  |c Professor-consultant of Yurga technological Institute of Tomsk Polytechnic University, doctor of technical sciences  |f 1945-  |g Vladimir Efimovich  |3 (RuTPU)RU\TPU\pers\32423  |9 16372 
701 1 |a Akimov  |b K. O. 
701 1 |a Boyangin  |b E. N. 
701 0 |a Yu Baohai 
712 0 2 |a Национальный исследовательский Томский политехнический университет  |b Юргинский технологический институт  |c (2009- )  |3 (RuTPU)RU\TPU\col\15903 
801 1 |a RU  |b 63413507  |c 20150101  |g RCR 
801 2 |a RU  |b 63413507  |c 20200129  |g RCR 
856 4 |u http://dx.doi.org/10.1088/1757-899X/582/1/012052 
856 4 |u http://earchive.tpu.ru/handle/11683/57685 
942 |c CF